Informácia k novelám daňového poriadku účinných od 1. januára 2015 a od 1. júla 2015

Informácia k novelám daňového poriadku schválených v priebehu roka 2014. Ilustračné príklady.

Salvato in:
Dettagli Bibliografici
Autore principale: Klabníková, Klára
Altri autori: Mečár, Miroslav
Natura: Capitolo di libro
Lingua:slovacco
Soggetti:
Tags: Aggiungi Tag
Nessun Tag, puoi essere il primo ad aggiungerne!!

MARC

LEADER 00000naa a2200000 4500
001 0197464
005 20231207113040.7
041 0 |a slo 
044 |a SK 
245 1 0 |a Informácia k novelám daňového poriadku účinných od 1. januára 2015 a od 1. júla 2015  |c Klára Klabníková, Miroslav Mečár 
520 |a Informácia k novelám daňového poriadku schválených v priebehu roka 2014. Ilustračné príklady. 
610 2 0 |a Slovensko 
610 2 0 |a zákony 
610 2 0 |a novelizácia 
610 2 0 |a poriadok daňový 
100 1 |a Klabníková, Klára 
700 1 |a Mečár, Miroslav